60 Problemas resueltos de Mecánica de Estructuras (Registro nro. 1007)
[ vista simple ]
| 000 -LEADER | |
|---|---|
| fixed length control field | 00765nam a2200301Ia 4500 |
| 005 - DATE AND TIME OF LATEST TRANSACTION | |
| control field | 20251020182456.0 |
| 008 - FIXED-LENGTH DATA ELEMENTS--GENERAL INFORMATION | |
| fixed length control field | 200515s9999 xx 000 0 und d |
| 020 ## - INTERNATIONAL STANDARD BOOK NUMBER | |
| International Standard Book Number | 978-84-8363-258-1 |
| 082 ## - DEWEY DECIMAL CLASSIFICATION NUMBER | |
| Classification number | 624.0411/S18 |
| 100 ## - MAIN ENTRY--PERSONAL NAME | |
| Personal name | Martínez Sala, Rosa |
| 100 ## - MAIN ENTRY--PERSONAL NAME | |
| Personal name | Salandin, Andrea |
| 100 ## - MAIN ENTRY--PERSONAL NAME | |
| Personal name | Sánchez Grandía, Rafael [et al.] |
| 245 #0 - TITLE STATEMENT | |
| Title | 60 Problemas resueltos de Mecánica de Estructuras |
| 260 ## - PUBLICATION, DISTRIBUTION, ETC. | |
| Place of publication, distribution, etc. | [s.l.] |
| 260 ## - PUBLICATION, DISTRIBUTION, ETC. | |
| Name of publisher, distributor, etc. | UNIVERSITAT POLITÈCNICA DE VALÈNCIA |
| 260 ## - PUBLICATION, DISTRIBUTION, ETC. | |
| Date of publication, distribution, etc. | [s.a.] |
| 300 ## - PHYSICAL DESCRIPTION | |
| Extent | 207 p. |
| 300 ## - PHYSICAL DESCRIPTION | |
| Other physical details | il., col., tbl., graf. |
| 500 ## - GENERAL NOTE | |
| General note | 2 ejemplares |
| 650 ## - SUBJECT ADDED ENTRY--TOPICAL TERM | |
| Topical term or geographic name entry element | CERCHAS |
| 650 ## - SUBJECT ADDED ENTRY--TOPICAL TERM | |
| Topical term or geographic name entry element | ELASTICIDAD |
| 650 ## - SUBJECT ADDED ENTRY--TOPICAL TERM | |
| Topical term or geographic name entry element | ESTATICA |
| 650 ## - SUBJECT ADDED ENTRY--TOPICAL TERM | |
| Topical term or geographic name entry element | PORTICOS |
| 650 ## - SUBJECT ADDED ENTRY--TOPICAL TERM | |
| Topical term or geographic name entry element | VIGAS |
| 942 ## - ADDED ENTRY ELEMENTS (KOHA) | |
| Koha item type | Libros |
| Fecha de la última vez que lo usaron | Pago total | Signatura topográfica completa | Código de barras | Precio efectivo desde | Tipo de documento | Estado perdido | Estado dañado | No es para préstamo | Retirado | Ubicación permanente | Ubicación actual | Fecha de adquisición | Número de ejemplar |
|---|---|---|---|---|---|---|---|---|---|---|---|---|---|
| 15/05/2020 | 624.0411/S18 | Bib-Lima15051007 | 15/05/2020 | Libros | Biblioteca Central Lima | Biblioteca Central Lima | 15/05/2020 | ||||||
| 15/05/2020 | 624.0411/S18 | Bib-Lima16051007 | 15/05/2020 | Libros | Biblioteca Central Lima | Biblioteca Central Lima | 15/05/2020 | Ej.2 |